00484nam a2200181Ia 4500003000400000008004100004040001600045082001800061100001700079245003800096700002000134260005400154300001000208650000900218650002000227650002000247650003500267GCL140319s9999 xx 000 0 eng d aGCL / cGCL04a709.0342bD A1 aDENIS, ARIEL10aL'ART ROMANTIQUE / cDENIS, ARIEL1 aJULIA, ISABELLE a[S.N] : bEDITIONS D'ART LUCIEN MAZENOD ، c1996 a143 P04aARTS04aDECORATIVE ARTS04aART - ROMANSQUE04aART, MODERN - 17TH - 18TH CEN.